legislative quiz - Statistics

General Stats
  • This quiz has been taken 45 times
  • The average score is 34 of 55
Answer Stats
Hint Answer % Correct
the four powers include can expel a member by __/_ vote 2/3
94%
2 sessions in _ term(s) 1
88%
The senate has ____ members with 2 from each state(members represent the entire state) 100
88%
(2-house) legislature🡪 Congress Bicameral
88%
Qualifications include __ years old 25
82%
__ amdt.🡪 allows for filling of a vacancy in the V.P. 25
82%
House of Representatives has ___ members (at least 1 per state) 435
82%
A us citizen for _ years and traditionally live in district he/she represents 7
82%
Seats are reapportioned every ____ (10yrs) census
82%
districts drawn to the advantage of a political party gerrymandering
82%
non presidential years off year
82%
chosen every 6 yrs. by popular vote. what amendment 17
76%
must be at least __ years old 30
76%
when congress ends adjourn
76%
Historically why? U.S. framers used ____system. British
76%
Practically why? reflection of ____ (big states vs small states) federalism
76%
Tue. foll. 1st Mon. in __.in even numbered yrs. nov
76%
ending a session if two houses cannot agree, only the prez may do this prorogue
76%
Term=2 years🡪 noon on Jan. 3rd of odd numbered years is a result of this amendment 20
71%
a us citizen for _ years and an inhabitant of the state 9
71%
Theoretically why? one can ____ on the other check
71%
location where a representative is from district
71%
the 5 powers include 2/3 vote to ___ a member expel
71%
someone already in office running for reelection (tough to beat) incumbent
71%
only the prez can call a _____ session for emergency situations only special
71%
elected from the state as a whole at large
65%
once called this as most people would buy their way in millionaires club
65%
(suspend business) recess
65%
in this court case states must draw Congressional districts of equal populations. Wesberry v. Sanders
65%
4 explicit limitations no tax on ____ only imports exports
59%
the four powers include can ___ members for disorderly behavior punish
59%
the 5 powers include ____ members for disorderly behavior punish
59%
set size and reapportionment standards. Reapportionment Act of 1929
59%
the four powers include can ____ to seat a member-elect by majority vote refuse
59%
the 5 powers include can ____ to seat a member elect refuse
59%
when Congress conducts business each year sessions
59%
when congress begins convened
53%
the four powers include judge of its own ____, qualifications & returns. elections
53%
Tax limits Obvious🡪 no ___ taxes, church taxes poll
53%
4 explicit limitations only tax for ___ purposes/not private gain public
53%
the 5 powers include can judge ______ of members qualifications
53%
members from each district elect one person for that district single member
53%
(people/interests they represent) constituencies
47%
the 5 powers include____ member with majority vote exclude
47%
estab. uniform laws on bankruptcy Bankruptcy Power
41%
can regulate interstate and foreign trade🡪 create a market economy. Commerce power
41%
spends more than it takes in e/ yr. then borrows the rest. deficit financing
41%
4 explicit limitations ____ ____ (pd. directly to the govt. by person on whom it is imposed🡪 Ex. property tax) Direct taxes
41%
executive powers include confirming all major _____ made by prez appointment
35%
all $ borrowed/not yet repaid + interest.
Whenever our debt threatens to reach the “statutory
ceiling” Congress has established, Congress raises that
ceiling.
Public debt
35%
non legislative _____ _____ (very unusual circumstances) Electoral duties
29%
House has sole power to ____ impeach
29%
_____ powers include gathering info, focus public attention investigatory
29%
4 explicit limitations indirect taxes must be____(same rate throughout the country🡪 uniform
29%
non legislative powers include _____ ______ propose amendments
24%
No matching quizzes found
Score Distribution
Percent of People with Each Score
Percentile by Number Answered
Your Score History
You have not taken this quiz